Volkswirtschaft der UdSSR (Record no. 6182)
[ view plain ]
| 000 -LEADER | |
|---|---|
| fixed length control field | 00498nam a22002057i 4500 |
| 001 - CONTROL NUMBER | |
| control field | 7167 |
| 003 - CONTROL NUMBER IDENTIFIER | |
| control field | OSt |
| 005 - DATE AND TIME OF LATEST TRANSACTION | |
| control field | 20170126082358.0 |
| 007 - PHYSICAL DESCRIPTION FIXED FIELD--GENERAL INFORMATION | |
| fixed length control field | tu |
| 008 - FIXED-LENGTH DATA ELEMENTS--GENERAL INFORMATION | |
| fixed length control field | 161220s1957 xxu||||| |||| 00| 0 rus d |
| 024 7# - OTHER STANDARD IDENTIFIER | |
| Standard number or code | 7167 |
| Source of number or code | RID |
| 024 7# - OTHER STANDARD IDENTIFIER | |
| Standard number or code | 7167 |
| Source of number or code | RSN (alt) |
| 040 ## - CATALOGING SOURCE | |
| Transcribing agency | OSt |
| 041 ## - LANGUAGE CODE | |
| Language code of text/sound track or separate title | rus |
| 110 2# - MAIN ENTRY--CORPORATE NAME | |
| Corporate name or jurisdiction name as entry element | Volkswirtschaftliches Kommittee für Statistik der UdSSR |
| 245 00 - TITLE STATEMENT | |
| Title | Volkswirtschaft der UdSSR |
| 260 ## - PUBLICATION, DISTRIBUTION, ETC. | |
| Place of publication, distribution, etc. | Moskau : |
| Name of publisher, distributor, etc. | Finansy i Statistika, |
| Date of publication, distribution, etc. | 1957-1989. |
| 300 ## - PHYSICAL DESCRIPTION | |
| Dimensions | 21cm |
| 651 ## - SUBJECT ADDED ENTRY--GEOGRAPHIC NAME | |
| Geographic name | Soviet Union |
| 942 ## - ADDED ENTRY ELEMENTS (KOHA) | |
| Koha item type | Statistics |
No items available.
